טוען...
International institutional law - volume 3 Teaching and materials
| מחבר ראשי: | |
|---|---|
| פורמט: | Printed Book |
| שפה: | English |
| יצא לאור: |
Leiden
A W Sijthoff
1972
|
| LEADER | 00509nam a22001577a 4500 | ||
|---|---|---|---|
| 003 | OSt | ||
| 008 | 090807t xxu||||| |||| 00| 0 eng d | ||
| 020 | |a 9028600620 | ||
| 080 | |a 341 |b SCH.3 | ||
| 100 | |a Schermers, Henry G |9 4623 | ||
| 245 | |a International institutional law - volume 3 |b Teaching and materials | ||
| 260 | |a Leiden |b A W Sijthoff |c 1972 | ||
| 300 | |a 298p. | ||
| 942 | |c BK |6 _ | ||
| 999 | |c 189086 |d 189086 | ||
| 952 | |0 0 |1 0 |4 0 |6 341_SCH3 |7 0 |9 243993 |a SLS |b SLS |d 2009-08-07 |o 341 SCH.3 |p SLS008078 |r 2009-08-07 |w 2009-08-07 |y BK | ||